Statystyki dla Stolice Województw

Kliknij tutaj aby rozwiązać quiz!

Ogólne statystyki

  • Ten quiz został rozwiązany 146 razy
  • Średni wynik to 15 z 18

Statystyki odpowiedzi

WojewództwoStolica% Poprawnych
ŚląskieKatowice
94%
OpolskieOpole
88%
MazowieckieWarszawa
88%
PomorskieGdańsk
86%
ŁódzkieŁódź
86%
DolnośląskieWrocław
86%
WielkopolskiePoznań
85%
ZachodniopomorskieSzczecin
85%
MałopolskieKraków
83%
LubelskieLublin
83%
Kujawsko-pomorskieToruń
83%
PodlaskieBiałystok
80%
LubuskieZielona Góra
80%
Warmińsko-mazurskieOlsztyn
78%
PodkarpackieRzeszów
78%
Kujawsko-pomorskieBydgoszcz
77%
LubuskieGorzów Wielkopolski
77%
ŚwiętokrzyskieKielce
75%

Rozkład punktacji

Percentyl według liczby udzielonych odpowiedzi

Procent ludzi z każdym wynikiem

Twoja historia wyników

Nie rozwiązałeś tego quizu